Los Cuchillos del Egipto Predinastico /

محفوظ في:

المؤلف الرئيسي: Sacristan Heras, Francisco Javier (مؤلف)

التنسيق: كتاب

اللغة: Spanish

منشور في: Madrid : Associacion Espanola de Egiptologia, 1997.

سلاسل: Estudios Egiptologicos ; 3.
EE ; 3.

الموضوعات:

الوسوم: إضافة وسم

لا توجد وسوم, كن أول من يضع وسما على هذه التسجيلة!

رقم الطلب: DT57 .B786 v.3

LEADER 00931namaa2200265 4500
001 12793
003 OSt
005 20241107132346.0
008 130303s1997 sp a 000 0 spa d
952 |0 0  |1 0  |2 lcc  |3 V.3  |4 0  |6 DT0057 B786 V.00003  |7 1  |9 12172  |a ARCE  |b ARCE  |d 2021-05-04  |l 0  |o DT57 .B786 v.3  |p 1015395  |r 2021-05-04 00:00:00  |w 2021-05-04  |y BK 
999 |c 11374  |d 11374 
040 |c ARCE Library 
043 |a f-ua--- 
050 4 |a DT57 .B786 v.3 
100 1 |a Sacristan Heras, Francisco Javier,  |e author  |9 38910 
245 1 4 |a Los Cuchillos del Egipto Predinastico /   |c por Francisco Javier Sacristan Heras. 
264 1 |a Madrid :  |b Associacion Espanola de Egiptologia,   |c 1997. 
300 |a 64 pages :  |b illustrations ;  |c 21 cm. 
490 1 |a Estudios Egiptologicos ;   |v 3. 
490 1 |a EE ;   |v 3. 
650 0 |a Tools, Prehistoric  |z Egypt. 
830 0 |a Estudios Egiptologicos ;   |v 3. 
830 0 |a EE ;   |v 3. 
901 |a reviewed 
942 |c BK  |2 lcc